Logistique et entreprise virtuelle (notice n° 1668126)
[ vue normale ]
| 000 -LEADER | |
|---|---|
| fixed length control field | 01218cam a2200157 4500500 |
| 005 - DATE AND TIME OF LATEST TRANSACTION | |
| control field | 20260222004202.0 |
| 041 ## - LANGUAGE CODE | |
| Language code of text/sound track or separate title | fre |
| 042 ## - AUTHENTICATION CODE | |
| Authentication code | dc |
| 100 10 - MAIN ENTRY--PERSONAL NAME | |
| Personal name | Paché, Gilles |
| Relator term | author |
| 245 00 - TITLE STATEMENT | |
| Title | Logistique et entreprise virtuelle |
| 260 ## - PUBLICATION, DISTRIBUTION, ETC. | |
| Date of publication, distribution, etc. | 2005.<br/> |
| 500 ## - GENERAL NOTE | |
| General note | 39 |
| 520 ## - SUMMARY, ETC. | |
| Summary, etc. | La pression temporelle au sein des projets de conception de produits industriels ne cesse de croître depuis de nombreuses années. Cette course de vitesse, qui n’épargne pratiquement aucun secteur, n’est pas sans conséquence sur la fiabilité des processus et des produits. Faut-il être plus réactif ou au contraire prendre le temps d’anticiper pour innover? Quelle que soit la réponse, le problème peut être abordé sous l’angle de la vigilance. Définie comme une capacité de perception, d’interprétation et de réponse rapide et fiable face à une situation problématique ou impromptue, la vigilance est une notion qui sert de référence à l’étude des facteurs de rapidité et de fiabilité des projets. |
| 786 0# - DATA SOURCE ENTRY | |
| Note | Revue française de gestion | 156 | 3 | 2005-06-01 | p. 131-134 | 0338-4551 |
| 856 41 - ELECTRONIC LOCATION AND ACCESS | |
| Uniform Resource Identifier | <a href="https://shs.cairn.info/revue-francaise-de-gestion-2005-3-page-131?lang=fr&redirect-ssocas=7080">https://shs.cairn.info/revue-francaise-de-gestion-2005-3-page-131?lang=fr&redirect-ssocas=7080</a> |
Pas d'exemplaire disponible.




Réseaux sociaux